|
|
|
|
| LEADER |
00000nab a2200000 a 4500 |
| 001 |
vtls000660326 |
| 003 |
SK-MaSNL |
| 005 |
20260304032237.0 |
| 008 |
040806c1984 xo 0 slo |
| 015 |
|
|
|a SNBRA1998/05-12226
|
| 035 |
|
|
|a CLN000012518
|
| 040 |
|
|
|a SNKBUCL
|b slo
|c SNKBUCL
|e AACR2
|
| 041 |
0 |
|
|a slo
|
| 044 |
|
|
|a xo
|c SK
|
| 080 |
|
|
|a 582.892(437.6)
|2 UDC-MRF-SK2
|
| 245 |
0 |
0 |
|a Araliaceae Juss.
|c spracovali A. Hlavaček, M. Jasičová, K. Zahradníková
|
| 300 |
|
|
|b Obr.
|
| 650 |
0 |
7 |
|a aralkovité
|2 snkbucl
|9 255716
|
| 655 |
|
7 |
|a články zo zborníkov
|2 snkbucl
|9 166140
|
| 700 |
1 |
|
|a Hlavaček, Aladár,
|d 1906-1999
|4 apd
|9 56645
|
| 700 |
1 |
|
|a Jasičová, Mária,
|d 1926-1990
|4 apd
|9 125199
|
| 700 |
1 |
|
|a Zahradníková, Kamila,
|d 1929-2016
|4 apd
|9 204511
|
| 773 |
0 |
|
|t Flóra Slovenska IV/1
|d Bratislava : Veda, 1984
|g S. 170-172
|
| 850 |
|
|
|a Slovenská národná knižnica v Martine
|
| 852 |
|
|
|a SNK
|b KIS3GCP
|
| 999 |
|
|
|c 2642001
|d 2643931
|